000 00731nam a2200289Ia 4500
005 20260324112407.0
008 008 260324s9999 xx 000 0 eng d
020 _a9781032639413
037 _aEBOOK
040 _aCRL
040 _beng
040 _cCRL
041 _2eng
041 _aeng
084 _qCRL
100 _aJames M. Durant III; Jeffrey M. Allen
_91142508
245 0 _aMy Story... From Humble Beginnings to Professional Success
245 2 _bA Young Professional’s Guide
260 _bTaylor and Francis
260 _c2024
365 _a
365 _b230
856 _uhttp://www.taylorfrancis.com/books/9781032639413
942 _cEBOOK
999 _c1731698
_d1731698